Entraîneur français de l'année - Statistiques

Statistiques générales
  • Ce quiz a été pris 67 fois
    2 depuis la dernière actualisation
  • Le résultat moyen est 24 sur 55
Statistiques - réponses
Année Entraineur % Correct
1981 Aimé Jacquet
100%
1984 Aimé Jacquet
100%
1998 Aimé Jacquet
100%
2019 Christophe Galtier
100%
2021 Christophe Galtier
100%
2003 Didier Deschamps
100%
2010 Didier Deschamps
100%
2018 Didier Deschamps
100%
2009 Laurent Blanc
100%
2015 Laurent Blanc
100%
2011 Rudi Garcia
100%
2013 Rudi Garcia
100%
2014 Rudi Garcia
100%
2016 Zinedine Zidane
100%
2017 Zinedine Zidane
100%
2008 Arsène Wenger
50%
2005 Claude Puel
50%
1999 Elie Baup
50%
2022 - 2023 Franck Haise
50%
1986 Guy Roux
50%
1988 Guy Roux
50%
1996 Guy Roux
50%
2002 Jacques Santini
50%
1987 Jean Fernandez
50%
1993 Jean Fernandez
50%
1982 Michel Hidalgo
50%
2006 Pablo Correa
50%
2007 Pablo Correa
50%
2004 Paul Le Guen
50%
2012 René Girard
50%
1973 Robert Herbin
50%
1976 Robert Herbin
50%
1970 Albert Batteux
0%
2000 Alex Dupont
0%
1991 Daniel Jeandupeux
0%
2023 - 2024 Éric Roy
0%
1995 Francis Smerecki
0%
1975 Georges Huart
0%
1989 Gérard Gili
0%
1978 Gilbert Gress
0%
1990 Henryk Kasperczak
0%
1985 Jean-Claude Suaudeau
0%
1992 Jean-Claude Suaudeau
0%
1994 Jean-Claude Suaudeau
0%
1971 Jean Prouff
0%
1972 Jean Snella
0%
1997 Jean Tigana
0%
1971 Kader Firoud
0%
1970 Mario Zatelli
0%
1979 Michel Le Milinaire
0%
1983 Michel Le Milinaire
0%
1974 Pierre Cahuzac
0%
1977 Pierre Cahuzac
0%
1980 René Hauss
0%
2001 Vahid Halihodzic
0%
Aucun quiz correspondant
Distribution des résultats
% des personnes avec chaque résultat
Percentile par nombre de réponses
Votre historique - résultats
Vous n’avez pas pris ce quiz depuis la dernière actualisation